| 000 | 01799nam0a2200361 4500 | ||
|---|---|---|---|
| 001 | RU\NLR\bibl\169102 | ||
| 005 | 20260407064447.0 | ||
| 010 |
_a5-7230-0354-2 _9300 |
||
| 021 |
_aRU _b1998-4931 |
||
| 035 | _a(NLR Aleph) 000165902 | ||
| 090 |
_a955037 _c955037 |
||
| 100 | _a20010709d1996 |||y0rusy50 ca | ||
| 101 | 0 | _arus | |
| 102 | _aRU | ||
| 105 | _aa ||||||||| | ||
| 200 | 1 |
_aНародное хозяйство _eУчеб. пособие на нем. яз. для студентов экон. фак. с.-х. вузов _fМоск. с.-х. акад. им. К.А. Тимирязева. Каф. иностр. яз. _g[Сост. Ф.В. Корольков, Г.Я. Аксенова _gПод ред. Г.Я. Аксеновой] |
|
| 210 |
_aМ. _cИзд-во МСХА _d1996 |
||
| 215 |
_a54 с. _cграф. _d20 |
||
| 606 | 0 |
_aНемецкий язык _jУчебные издания _91063964 _3RU\NLR\auth\66413315 |
|
| 606 | 0 |
_aНародное хозяйство _jРуководства, пособия и т.п. для высшей школы _9944452 _3RU\NLR\auth\6631367 |
|
| 606 | 0 |
_aНародное хозяйство _jУчебные издания для высшей школы _9944452 _3RU\NLR\auth\6631367 |
|
| 686 | _aШ143.24-93рус329.3 | ||
| 686 | _aШ143.24-93рус328.9 | ||
| 686 | _aУ03(0)я73 | ||
| 702 | 1 |
_aКорольков _bФ. В. _4220 |
|
| 702 | 1 |
_aАксенова _bГ. Я. _4340 |
|
| 711 | 0 | 2 |
_aМосковская сельскохозяйственная академия им. К. А. Тимирязева _bКафедра иностранных языков _9562296 _3RU\NLR\AUTH\8810031846 |
| 801 | 0 |
_aRU _bNLR _c20010709 _gPSBO |
|
| 801 | 1 |
_aRU _bNLR _c20010709 |
|
| 852 |
_aNLR _j99-4/10018 |
||
| 942 | _cBOOK | ||
| 980 | _aNB | ||